Sela ʼItyop̣yā yamarét yezotānā yagebrenāw zarf lemāt : selatadaraga meremer yaqaraba riport /
Saved in:
| Corporate Authors: | , |
|---|---|
| Other Authors: | , , |
| Format: | Book |
| Language: | Amharic |
| Published: |
[ʼAdis ʼAbabā] :
YaʼItyop̣yā yaʼikonomiks bālamuyāwoč māhbar : YaʼItyop̣yā yaʼikonomik polisi meremer taqwām,
2002.
|
| Subjects: | |
| Tags: |
Add Tag
No Tags, Be the first to tag this record!
|
| LEADER | 01530nam a2200361Ia 4500 | ||
|---|---|---|---|
| 001 | 010278024-2 | ||
| 005 | 20091221173050.0 | ||
| 008 | 090218s2002 et ab b 000 0 amhod | ||
| 035 | 0 | |a ocn309341092 | |
| 040 | |a EEM |c EEM | ||
| 043 | |a f-et--- | ||
| 050 | 4 | |a HD979.Z63 |b S4 2002 | |
| 090 | |a HD979.Z63 |b S4 2002 | ||
| 245 | 0 | 0 | |a Sela ʼItyop̣yā yamarét yezotānā yagebrenāw zarf lemāt : |b selatadaraga meremer yaqaraba riport / |c YaʼItyop̣yā yaʼikonomiks bālamuyāwoč māhbar, YaʼItyop̣yā yaʼikonomik polisi meremer taqwām (YaʼIʼibāmā, YaʼIʼipometa). |
| 260 | |a [ʼAdis ʼAbabā] : |b YaʼItyop̣yā yaʼikonomiks bālamuyāwoč māhbar : |b YaʼItyop̣yā yaʼikonomik polisi meremer taqwām, |c 2002. | ||
| 300 | |a 203 p. : |b col. ill., maps (some col.) ; |c 29 cm. | ||
| 546 | |a In Amharic. | ||
| 500 | |a Cover title. | ||
| 500 | |a Prepared by by a team of researchers led by Berhānu Nagā and including Berhānu ʼAdenaw and Sāmuʼél Gabra Śelāsé.--P. 2. | ||
| 500 | |a Issued also in English. | ||
| 500 | |a "ʼOktobar 2002, Ṭeqemt 1995." | ||
| 504 | |a Includes bibliographical references (p. 140-143). | ||
| 650 | 0 | |a Land tenure |z Ethiopia. | |
| 650 | 0 | |a Right of property |z Ethiopia. | |
| 650 | 0 | |a Agriculture |x Economic aspects |z Ethiopia. | |
| 700 | 1 | |a Berhanu Adenew. | |
| 700 | 0 | |a Berhanu Nega. | |
| 700 | 0 | |a Samuel Gebreselassie. | |
| 710 | 2 | |a Ethiopian Economic Association. | |
| 710 | 2 | |a Ethiopian Economic Policy Research Institute. | |
| 988 | |a 20070409 | ||
| 049 | |a HLSS | ||
| 906 | |0 OCLC | ||


